Heat and heat engines (Record no. 545768)
[ view plain ]
| 000 -LEADER | |
|---|---|
| fixed length control field | 00414nam a22001457a 4500 |
| 082 ## - DEWEY DECIMAL CLASSIFICATION NUMBER | |
| Classification number | 621.4 |
| Author Mark | JAM |
| -- | L-tech, P-65 |
| 100 ## - MAIN ENTRY--PERSONAL NAME | |
| Personal name | Jamieson, Andrew |
| 9 (RLIN) | 40631 |
| 245 ## - TITLE STATEMENT | |
| Title | Heat and heat engines |
| Statement of responsibility, etc. | Andrew Jamieson |
| 250 ## - EDITION STATEMENT | |
| Edition statement | 19th ed. |
| 260 ## - PUBLICATION, DISTRIBUTION, ETC. | |
| Place of publication, distribution, etc. | London |
| Name of publisher, distributor, etc. | Charles griefin & company limited |
| Date of publication, distribution, etc. | 1925 |
| 300 ## - PHYSICAL DESCRIPTION | |
| Extent | Vol.1,xvi, 551.p: |
| 526 ## - STUDY PROGRAM INFORMATION NOTE | |
| Program name | 0 |
| Interest level | 0 |
| Reading level | 0 |
| Title point value | 621_400000000000000_JAM |
| 650 ## - SUBJECT ADDED ENTRY--TOPICAL TERM | |
| Topical term or geographic name entry element | MCE |
| 9 (RLIN) | 379 |
| 942 ## - ADDED ENTRY ELEMENTS (KOHA) | |
| Source of classification or shelving scheme | |
| Koha item type | Book |
| Withdrawn status | Lost status | Source of classification or shelving scheme | Damaged status | Not for loan | Permanent Location | Current Location | Date acquired | Total Checkouts | Full call number | Barcode | Date last seen | Price effective from | Koha item type |
|---|---|---|---|---|---|---|---|---|---|---|---|---|---|
| Military College of Engineering (MCE) | Military College of Engineering (MCE) | 05/29/2014 | 621.4 JAM | MCE-40015 | 05/29/2014 | 05/29/2014 | Book |
